| 000 | 01055nam a22003257a 4500 | ||
|---|---|---|---|
| 003 | CHAP | ||
| 005 | 20220329140746.0 | ||
| 008 | 971013s1960 r 00010 d | ||
| 010 | _a57168 | ||
| 011 | _a58140 | ||
| 035 | _a62295 | ||
| 040 | _cCHAP | ||
| 082 |
_a634.93 _bS68 |
||
| 100 | 0 | 0 |
_aSpurr, Stephen Hopkins. _9109316 |
| 245 |
_aPhotogrametry and photo-interpretation _b: with a section in applications to forestry |
||
| 250 | _a2 ed. | ||
| 260 |
_aNew York : _bRonald Press, _c1960 |
||
| 300 |
_a472 p. _b: ilus. |
||
| 500 | _aTítulo anterior: Aerial photographs in forestry | ||
| 590 |
_aBATCH-UPD _b10 _c20130110 _lUCH01 _h1654 |
||
| 590 |
_aBATCH-UPD _b10 _c20130410 _lUCH01 _h1043 |
||
| 590 |
_aBATCH-UPD _b10 _c20130914 _lUCH01 _h1433 |
||
| 590 |
_aCONVERSION _b10 _c20130109 _lUCH01 _h1331 |
||
| 650 | 1 | 4 |
_aFotografía aérea. _942714 |
| 650 | 1 | 4 |
_aFotointerpretación. _942728 |
| 650 | 1 | 4 |
_aLevantamiento fotográfico. _966424 |
| 901 | _aBK | ||
| 942 | _cLIBRO | ||
| 949 |
_a634.93 S68 _bBC _cLIBRO _d33724000248373 _eLIBRO _h23738 _i62295 _si |
||
| 999 |
_c57168 _d57168 |
||